000 01379cam a2200337 a 4500
999 _c234825
_d234825
001 14796583
003 Nust
005 20170330201226.0
008 070404r20071991nyu d 000 1 eng
010 _a 2007926265
020 _a9780061990779
040 _aDLC
_cDLC
042 _alcac
050 0 0 _aPZ7.S6537
_bVam 2007
082 0 0 _a823
_bSMI
100 1 _aSmith, L. J.
_q(Lisa J.)
240 1 0 _aFury
245 1 4 _aThe vampire diaries /
_cL.J. Smith.
250 _a1st HarperTeen paperback ed.
260 _aNew York :
_bHarperTeen,
_c2007.
300 _a291 p.
_c21 cm.
500 _aContains two volumes originally published separately.
505 0 _aThe fury -- Dark reunion.
520 _aPresents the last two volumes in the Vampire Diaries series in which the struggle of vampire brothers Stefan and Damon over the now-changed Elena comes to its final conclusion.
650 1 _aVampires
_vFiction.
650 1 _aBrothers
_vFiction.
650 1 _aSupernatural
_vFiction.
700 1 2 _aSmith, L. J.
_q(Lisa J.).
_tDark reunion.
906 _a7
_bcbc
_corignew
_d2
_eepcn
_f20
_gy-gencatlg
942 _2ddc
_cBK